| 000 | 01138nam a2200301 a 4500 | ||
|---|---|---|---|
| 001 | 000112515 | ||
| 003 | CHAP | ||
| 005 | 20220329144310.0 | ||
| 008 | 160608s2015 mx sm |||||||spa d | ||
| 010 | _a108976 | ||
| 011 | _a109948 | ||
| 040 | _cCHAP | ||
| 090 | _aTesis | ||
| 100 | 1 |
_aFernández López, Miguel Angel _9130847 |
|
| 245 | 1 | 0 |
_aHabitos alimenticios de la codorniz moctezuma (Cyrtonyxmoctezumae) en la epoca invernal en Tlaxco, Tlaxcala, México _h[En línea] _cpor Miguel Angel Fernández López. |
| 260 |
_aChapingo, Méx. : _bEl autor, _c2015. |
||
| 500 | _aPara ver el contenido del material haga clic en la liga | ||
| 502 | _aTesis (Ing. Agr. Esp. en Zootecnia) -- UACH. Departamento de Enseñanza Investigación en Zootecnia | ||
| 590 |
_aE5765TAJ _b05 _c20160608 _lUCH01 _h0958 |
||
| 590 |
_aE5765TAJ _b05 _c20160608 _lUCH01 _h0959 |
||
| 650 | 1 | 4 |
_aCodorniz _xAlimentación. _924301 |
| 650 | 1 | 4 |
_aCodorniz _xHábitos y conducta. _924308 |
| 650 | 1 | 4 |
_aOxalis como alimento. _9130848 |
| 856 |
_aFinding aid _uhttp://10.13.5.2/tesis/sist112515.pdf _zTeclea aquí |
||
| 901 | _aBK | ||
| 942 | _cTESIS | ||
| 942 | _n0 | ||
| 999 |
_c108976 _d108976 |
||